000 00425pab a2200169 454500
008 180718b2012 xxu||||| |||| 00| 0 eng d
100 _aShapiro, Jacob N.
245 _aMoral hazard, discipline, and the management of terrorist organizations
260 _c2012
300 _ap.39-78.
362 _aJan
650 _aTerrorism
700 _aSiegel, David A.
773 _aWorld Politics
908 _aN
909 _a98281
999 _c98280
_d98280